000 00903nam a2200265Ia 4500
003 GCL
008 140319s9999 xx 000 0 ara d
020 _a030358977
040 _aGCL /
_cGCL
082 0 4 _a659.1
_bف ف
100 1 _aفاربى، ا . د
245 1 0 _aفن الاعلان :
_bكيف تنتج وتدير اعلانا فعالا وحملة اعلانية ناجحة /
_cفاربى، ا . د
700 1 _aعبد الحكم احمد الخزامى
250 _aالثانية
260 _aالقاهرة :
_bدار الفجر للنشر والتوزيع ،
_c2005
300 _a240 ص ؛
_c24 سم
650 0 4 _aالتسويق
650 0 4 _aالاعلان
650 0 4 _aالعلاقات العامة
650 0 4 _aالدعاية
650 0 4 _aالاعلانات
650 0 4 _aالحملات الاعلانية
650 0 4 _aالاعلان - دعاية
942 _2ddc
_cBK
999 _c8324
_d8324